Vyčisliteľnaja technika v mašinostrojenii
Na minha lista:
| Formato: | Livro |
|---|---|
| Idioma: | russo |
| Publicado em: |
Minsk :
Akademija nauk S.S.S.R.,
1968
|
| Assuntos: | |
| Tags: |
Sem tags, seja o primeiro a adicionar uma tag!
|
MARC
| LEADER | 00000nam a22000003a 4500 | ||
|---|---|---|---|
| 001 | stu44196 | ||
| 005 | 20141122021029.9 | ||
| 008 | 950202s1968----xxr-----------------rus-d | ||
| 040 | |a STU |b slo | ||
| 041 | 0 | |a rus | |
| 044 | |a xxr | ||
| 080 | |a 681.3 | ||
| 080 | |a 621 | ||
| 245 | |a Vyčisliteľnaja technika v mašinostrojenii | ||
| 260 | |a Minsk : |b Akademija nauk S.S.S.R., |c 1968 | ||
| 300 | |a 205 s | ||
| 650 | 7 | |a Technika výpočtová |2 stusub | |
| 650 | 7 | |a strojárstvo |2 stusub | |
| 996 | |b 284M003641 |c M*4146/7-1 |l MMKN |s A |a 24 |w stu44196_0001 | ||